| 000 | 00736nam a2200241 i 4500 | ||
|---|---|---|---|
| 001 | 89027 | ||
| 003 | ES-MaACL | ||
| 005 | 20250825092522.0 | ||
| 007 | t| | ||
| 008 | 050125s2004 sp ||||1| spa d | ||
| 020 | _a84-306-0536-3 | ||
| 080 | _a019.922 | ||
| 080 | _a82.09 | ||
| 100 | 1 |
_aZschirnt, Christiane. _9118377 |
|
| 245 | 1 | 0 |
_aLibros _b: todo lo que hay que leer / _cChristiane Zschirnt ; traducción de Irene Pérez Michael. |
| 260 |
_aMadrid : _bTaurus, _c[2004] |
||
| 300 |
_a351 p. ; _c24 cm. |
||
| 650 | 1 | 7 |
_aLibros seleccionados _2embne _914455 |
| 650 |
_aLiteratura- _xHistoria y crítica. _914489 |
||
| 700 | 1 |
_aPérez Michael, Irene. _991022 |
|
| 852 |
_aES-MaACL _jL-28656 _bR.134269 |
||
| 999 |
_c89027 _d89027 |
||